000 00531nam a22001937a 4500
003 OSt
005 20140310182023.0
008 130801t xxu||||| |||| 00| 0 eng d
020 _a9780751313055
050 _aQA 76.8
_b.As823 2001
082 _aTR 004.02E
_bAs3 2001
100 _aAshdown, Andy
_97231
245 _aHaving Fun on your PC /
260 _aGreat Britain :
_bDorling Kindersley Limited,
_c2001.
300 _a72 p. ;
_bill. col. ;
_c18 cm.
650 _aComputer games
_97232
942 _2lcc
_cBK-TR
999 _c8416
_d8416